000 00403nam a2200157Ia 4500
005 20250509070954.0
008 240331s9999 xx 000 0 und d
020 _a9559746103
082 _bNEE
_a894
100 _aNeelavanan,
245 0 _aOththikai :
_bneelavanan kavithaikal
260 _aColombo
_bNannool Pathippagam
_c2001
300 _a186 p .,
500 _aCollection of Tamil Poems
942 _cL
999 _c4320
_d4320